| 000 | 00631nam a22001937a 4500 | ||
|---|---|---|---|
| 005 | 20260309161506.0 | ||
| 010 | _aENG-147466 | ||
| 020 |
_a9789371367110 _c559.00 |
||
| 035 | _aEN-130998 | ||
| 037 | _bDBAD | ||
| 082 |
_a005.7565 _21 |
||
| 100 |
_aSenthil V _988200 |
||
| 245 |
_aData analytics and visualization for business and environment/ _cV.Senthil |
||
| 250 | _a1 | ||
| 260 |
_aNoida _bPearson India Education Services Pvt.Ltd _c2026 |
||
| 270 |
_bUttar Pradesh _a1st Floor ;Berger tower Pilot No .C -001A/2;Sector 16B _e201301 |
||
| 300 |
_aV.Pages _c23cm (pb) |
||
| 942 |
_2ddc _cEN _h005.7565 _mSEN _e1 |
||
| 999 |
_c215441 _d215441 |
||